000 00381nam a2200145Ia 4500
008 230917s9999||||xx |||||||||||||| ||und||
040 _e196535
_aMAIN
041 _aEnglish
082 _a327.116 M294S
100 _aMalhotra, V P
245 0 _aSecurity and defence related treaties of India
260 _aNew Delhi
_bVij Books India
_c2010
300 _axx, 401 p.
942 _cBK
999 _c162547
_d162547